Music Quiz

Random Music Quiz

Bands by Lead Singer Quiz Stats

 Plays Quiz not verified by Sporcle

Challenge
Share
Tweet
Embed
Score 0/30 Timer 08:00
0 Plays Today
Lead Singer Band % Correct
Chad KroegerNickelback
67%
Thom YorkeRadiohead
66%
Debbie HarryBlondie
63.4%
Amy LeeEvanescence
51.2%
Brian JohnsonACDC
43.9%
Caleb FollowillKings of Leon
40.9%
Florence WelchFlorence + the Machine
40.6%
Johnny RzeznikThe Goo Goo Dolls
40.3%
Matthew BellamyMuse
37.3%
Pat MonahanTrain
25.4%
Wayne CoyneThe Flaming Lips
21.1%
Win ButlerArcade Fire
20.5%
Ezra KoenigVampire Weekend
17.5%
Jonsi BirgissonSigur Ros
13.9%
Ryan TedderOneRepublic
10.9%
Lead Singer Band % Correct
Danny O'DonoughueThe Script
9.9%
Tom ChaplinKeane
9.6%
Jim AdkinsJimmy Eat World
9.2%
Thomas MarsPhoenix
7.6%
Brad Arnold3 Doors Down
7.3%
Elly JacksonLa Roux
7.3%
Glen HansardThe Frames
6.9%
Lacey MosleyFlyleaf
6.9%
Matt BerningerThe National
6.6%
Nathaniel Motte and Sean Foreman3OH!3
6.6%
Sam EndicottThe Bravery
5.6%
Tyler GlennNeon Trees
4.6%
Ivan MoodyFive Finger Death Punch
4%
Dougy MandagiThe Temper Trap
3%
Tony BeliveauCrash Kings
2.3%

You're not logged in!

Compare scores with friends on all Sporcle quizzes.
Join for Free
OR
Log In

You Might Also Like...

Show Comments

Extras

Created Aug 10, 2010ReportNominate

Top Quizzes Today


Score Distribution

Your Account Isn't Verified!

In order to create a playlist on Sporcle, you need to verify the email address you used during registration. Go to your Sporcle Settings to finish the process.

Report this User

Report this user for behavior that violates our Community Guidelines.

Details: